| 000 | 00467 a2200181 4500 | ||
|---|---|---|---|
| 005 | 20260402142654.0 | ||
| 008 | 260402b |||||||| |||| 00| 0 eng d | ||
| 020 |
_a9788177085808 _cRs. 1890.00 |
||
| 040 | _aMAIN | ||
| 082 |
_a342.54 _bF391I |
||
| 100 | _aFernandes, Sunny | ||
| 245 | _aIntroduction to the Indian constitution | ||
| 260 |
_bNew century _c2025 _aNew Delhi |
||
| 300 | _axi, 187 | ||
| 650 | _aLaw | ||
| 650 | _aConstitution- India | ||
| 942 | _cBK | ||
| 999 |
_c396165 _d396165 |
||